000 00344nam a2200133Ia 4500
008 220217s9999||||xx |||||||||||||| ||und||
020 _a81-7808-532-1
082 _a006.6 HAL
100 _aHalsall, Fred
245 0 _aMultimedia communications
260 _aPearson education asia
_bDelhi
_c2001
300 _b395
650 _aMULTIMEDIA
999 _c170037
_d170037